• 首页
  • 本馆介绍
  • 公告通知
  • 最新文献
  • 馆藏检索
  • 电子资源
  • 读者荐购
  • 参考咨询
  • CALIS
  • 我的图书馆
  • 登录
  • 详细信息显示
  • 放入我的书架
  • 预约/预借图书
  • 作者相关作品
  • 分类相关作品
  • 丛书相关作品
  • 出版社相关作品

书目信息

  • 表格格式
  • 工作单格式
  • 卡片格式
题名:
官场百态
    
 
作者: 门岿 改编
分册:  
出版信息: 天津   百花文艺出版社  1998.02
页数: 213页
开本: 32开
丛书名:
单 册:
中图分类: I242.1
科图分类:
主题词: 小说--中国
电子资源:
ISBN: 7-5306-2573-X
 
 
 
 
 
000 00531nam0 2200193 45
001 0011082096
005 20001108202708.1
010    @a7-5306-2573-X@d12.00元
100    @a20001108d1998 km y0chiy0120 ea
101 0  @achi
105    @a z 000yy
200 1  @a官场百态@AGuan Chang Bai Tai@f门岿改编@FMen Kui Gai Bian
210    @a天津@c百花文艺出版社@d1998.02
215    @a213页@d32开
606 0  @a小说@x中国
690    @aI242.1@v3
701  0 @a门岿@4改编
801    @aCN@bPftUser@c20001108
905    @b213601-610@dI242.1@eM.582@f10
    
    官场百态/门岿改编.-天津:百花文艺出版社,1998.02
    213页;32开
    
    
    ISBN 7-5306-2573-X:12.00元
    
●
相关链接 在E读中查询图书 在当当中查询图书 在豆瓣中查询图书


正题名:官场百态     索取号:I242.1/M.582         预约/预借

序号 登录号 条形码 馆藏地/架位号 状态 备注
1 213601   202136018   文学库108/108文学库 21排3列1层/ [索取号:I242.1/M.582] 在馆    
2 213602   202136027   文学库108/108文学库 21排3列1层/ [索取号:I242.1/M.582] 在馆    
3 213603   202136036   文学库108/108文学库 21排3列1层/ [索取号:I242.1/M.582] 在馆    
4 213604   202136045   文学库108/ [索取号:I242.1/M.582] 在馆    
5 213605   202136054   文学库108/108文学库 21排2列5层/ [索取号:I242.1/M.582] 在馆    
6 213606   202136063   文学库108/108文学库 21排3列1层/ [索取号:I242.1/M.582] 在馆    
7 213607   202136072   文学库108/108文学库 21排3列1层/ [索取号:I242.1/M.582] 在馆    
8 213608   202136081   文学库108/108文学库 21排2列5层/ [索取号:I242.1/M.582] 在馆    
9 213609   202136090   文学库108/108文学库 21排2列5层/ [索取号:I242.1/M.582] 在馆    
10 213610   202136107   社科二线400B/400B社科库 15排3列4层/ [索取号:I242.1/M.582] 在馆    
河南城建学院图书馆 欢迎您!
大连网信软件有限公司© 版权所有